Just One More Lane, Bro - Statistics

General Stats
  • This quiz has been taken 5 times
  • The average score is 10 of 15
Answer Stats
Lane Miles Population Lane miles per 1,000 people Answer % Correct
4,524 5,732,354 0.789 Dallas
100%
2,121 1,674,218 1.267 Kansas City
100%
2,540 2,156,323 1.178 St. Louis
100%
1,044 1,247,374 0.837 Jacksonville
80%
1,503 1,158,642 1.297 Nashville
80%
824 982,276 0.839 Oklahoma City
80%
896 722,810 1.240 Tulsa
80%
1,582 1,712,178 0.924 Cleveland
60%
834 974,397 0.856 Louisville
60%
702 819,508 0.856 Omaha
60%
1,181 1,059,150 1.115 Richmond
60%
977 774,956 1.261 Birmingham
40%
557 674,046 0.826 Dayton
40%
913 977,158 0.934 Hartford
40%
558 704,327 0.793 Rochester
40%
No matching quizzes found
Score Distribution
Percent of People with Each Score
Percentile by Number Answered
Your Score History
You have not taken this quiz